|
|
|
|
| LEADER |
01438nam a2200373 a 4500 |
| 001 |
35724 |
| 003 |
BD-DhAAL |
| 005 |
20211129150957.0 |
| 008 |
190918t2005 enka b 001 0 eng |
| 999 |
|
|
|c 41302
|d 41302
|
| 010 |
|
|
|a 2004116090
|
| 015 |
|
|
|a GBA4Z8413
|2 bnb
|
| 016 |
7 |
|
|a 009058554
|2 Uk
|
| 020 |
|
|
|a 0761947736 (pbk.)
|
| 020 |
|
|
|a 9780761947738
|
| 035 |
|
|
|a (OCoLC)ocm60558459
|
| 040 |
|
|
|a UKM
|c UKM
|d C#P
|d BAKER
|d DLC
|d BD-DhAAL
|
| 042 |
|
|
|a lccopycat
|
| 050 |
0 |
0 |
|a D16.2
|b .T54 2005
|
| 082 |
0 |
0 |
|a 907.11
|2 22
|
| 100 |
1 |
|
|a Timmins, Geoffrey.
|9 34848
|
| 245 |
1 |
0 |
|a Teaching and learning history /
|c Geoff Timmins, Keith Vernon and Christine Kinealy.
|
| 260 |
|
|
|a London ;
|a Thousand Oaks, Calif. :
|b SAGE,
|c 2005.
|
| 300 |
|
|
|a xiv, 250 pages :
|b illustrations
|c 23 cm.
|
| 490 |
|
|
|a Teaching & learning the humanities in higher education
|
| 504 |
|
|
|a Includes bibliographical references (p. [221]-240) and index.
|
| 526 |
|
|
|a BIED
|
| 541 |
|
|
|a Complimentary copy from BIED
|e 35724
|
| 650 |
|
0 |
|a History
|x Study and teaching (Higher)
|9 34849
|
| 700 |
1 |
|
|a Vernon, Keith,
|d 1962-
|9 34850
|
| 700 |
1 |
|
|a Kinealy, Christine.
|9 34851
|
| 852 |
|
|
|a Ayesha Abed Library
|c BIED Collection
|
| 942 |
|
|
|2 ddc
|c BK
|
| 952 |
|
|
|0 0
|1 0
|2 ddc
|4 0
|6 907_110000000000000_TIM
|7 0
|9 66387
|a BRACUL
|b BRACUL
|c GEN
|d 2019-09-18
|e Complimentary copy from BIED
|l 0
|o 907.11 TIM
|p 3010035724
|r 2019-09-18
|t 1
|w 2019-09-18
|y BK
|x Transferred from BIED to General Stacks
|